| 000 | 00391nam a22001577a 4500 | ||
|---|---|---|---|
| 005 | 20171025114502.0 | ||
| 008 | 171025b xxu||||| |||| 00| 0 eng d | ||
| 020 | _a978-81-89757-13-7 | ||
| 041 | _aeng | ||
| 082 | _a620.11 | ||
| 100 |
_aGUPTA, J.B. _91755 |
||
| 245 | _aELECTRICAL AND ELECTRONICS ENGINEERING MATERIALS | ||
| 260 |
_aNEW DELHI _bS.K.KATARIA |
||
| 300 | _a343p. | ||
| 942 | _cBK | ||
| 999 |
_c5633 _d5631 |
||